Les romans - Statistiques

Statistiques générales
  • Ce quiz a été pris 88 fois
  • Le résultat moyen est 10 sur 11
Statistiques - réponses
Question Réponse % Correct
Il raconte dans un roman la vie de l’auteur (bien que celui-ci ne soit pas toujours cité comme étant le narrateur). Roman autobiographique
100%
Roman sentimental Roman d’amour
94%
né au début du xxe siècle désignant les romans ayant pour thème principal les activités d'espionnage. Ce genre est communément considéré comme un sous-genre du roman policier et sa genèse attribuée à des auteurs britanniques. Roman d’espionnage
94%
Le drame y est fondé sur l'attention d'un fait ou, plus précisément, d'une intrigue, et sur une recherche méthodique faite de preuves, le plus souvent par une enquête policière ou encore une enquête de détective privé. Roman policier
94%
Elle consiste à raconter des fictions reposant sur des progrès scientifiques et techniques obtenus dans un futur plus ou moins lointain (il s'agit alors également d'anticipation), parfois dans un passé fictif1 ou dans un univers parallèle au nôtre, ou des progrès physiquement impossibles, du moins en l'état actuel de nos connaissances. Elle met ainsi en œuvre les thèmes devenus classiques du voyage dans le temps, du voyage interplanétaire ou interstellaire, de la colonisation de l'espace, de la rencontre avec des extra-terrestres, de la confrontation entre l'espèce humaine et ses créations, notamment les robots et les clones, ou de la catastrophe apocalyptique planétaire. Science fiction
94%
Long récit écrit au Moyen Âge (XIe et XIIe siècle) en vers octosyllabiques ou en prose. Il met en scène des chevaliers qui combattent pour leurs dames. Ils représentent aussi l’amour courtois. Roman courtois
88%
type de roman populaire qui met particulièrement l'accent sur l'action en multipliant les péripéties plutôt violentes, dans lequel le héros est plutôt masculin et jeune, en général positifs, et où le souci de la forme littéraire est relativement peu important. Roman d’aventure
88%
Le récit se compose de la correspondance fictive ou non d’un ou plusieurs personnages. Roman épistolaire
88%
Il prend pour toile de fond un épisode (parfois majeur) de l'Histoire, auquel il mêle généralement des événements - des personnages - réels et fictifs. Apparu à la fin du xviie siècle, avec comme principaux auteurs Madame de La Fayette et César Vichard de Saint-Réal, il est enraciné dans une réalité historique reconstruite avec plus ou moins de fidélité. Roman historique
88%
Le but de l’auteur est de donner l'illusion au lecteur que l'histoire racontée s'est réellement déroulée. Les lieux de l'action existent, les personnages traversent des situations plausibles de la vie quotidienne. Ce roman a été beaucoup utilisé au XIXème siècle pour dénoncer les mécanismes sociaux et souligner la différence de destin en fonction du milieu social et de l'hérédité des personnages. Le peuple et les pauvres ont une place de choix dans ces romans réalistes. Le but est de représenter la réalité et de fouiller dans le vrai pour en faire la satire ou dénoncer. Roman réaliste
88%
Il fait son apparition au début de l'ère victorienne en Grande-Bretagne. Classé dans la catégorie plus vaste du roman social, il décrit le déclin d’un monde essentiellement rural gagné par de nouvelles formes de production et d'urbanisation et aborde les difficultés dans lesquelles se débattent les ouvriers non seulement pour survivre mais aussi pour défendre leur humanité pendant et après la révolution industrielle. Certains romans industriels témoignent de sympathie pour le chartisme et les formes d’action pacifiques comme la grève. Roman industriel
65%
Aucun quiz correspondant
Distribution des résultats
% des personnes avec chaque résultat
Percentile par nombre de réponses
Votre historique - résultats
Vous n’avez pas pris ce quiz